Historias y relatos de vida: una herramienta clave en metodologías cualitativas /
El capítulo aborda específicamente la metodología cualitativa de análisis comprensivo, las historias de vida o relatos de vida, también denominados como método biográfico, que analiza el comportamiento interpersonal y los mecanismos psicológicos y cognoscitivos de las personas, además de aspectos po...
Tallennettuna:
| Päätekijä: | |
|---|---|
| Aineistotyyppi: | Teksti |
| Aiheet: | |
| Tagit: |
Lisää tagi
Ei tageja, Lisää ensimmäinen tagi!
|
MARC
| LEADER | 00000 a a2200000 04500 | ||
|---|---|---|---|
| 001 | 40647 | ||
| 003 | |||
| 040 | |||
| 100 | |a Kornblit, Ana Lía | ||
| 245 | |a Historias y relatos de vida: |b una herramienta clave en metodologías cualitativas / |c Ana Lía Kornblit | ||
| 520 | 4 | |a El capítulo aborda específicamente la metodología cualitativa de análisis comprensivo, las historias de vida o relatos de vida, también denominados como método biográfico, que analiza el comportamiento interpersonal y los mecanismos psicológicos y cognoscitivos de las personas, además de aspectos políticos, económicos y de organización social. Tomando en cuenta las diferentes realidades presentes en la historia de vida, las cuales son: la realidad histórico empírica, que se constituye en el trasfondo donde se desarrollan los relatos; la realidad psíquica, que describen su biografía; y la realidad discursiva del relato, tal y como se produce en la entrevista. A su vez, expone cinco enfoques desde los cuales se pueden analizar los relatos de vida, entre ellos se encuentran, historia natural, análisis temático, análisis interpretativo, análisis de la identidad y análisis comprensivo; ejemplificando su aplicabilidad a un caso o situación específica. | |
| 590 | |a DISEMINAR122010/SJB/DICIEMBRE2010 | ||
| 650 | |a 1.HISTORIAS DE VIDA | ||
| 650 | |a 2.METODOS DE INVESTIGACION | ||
| 650 | |a 3.INVESTIGACION SOCIAL | ||
| 650 | |a 4.METODOLOGIA | ||
| 650 | |a 5.ANALISIS SOCIOLOGICO | ||
| 773 | |g páginas 15-33 | ||
| 999 | |c 38140 |d 38140 | ||
